Normal view MARC view

Entry Personal Name

Number of records used in: 1

001 - CONTROL NUMBER

  • control field: 18002

003 - CONTROL NUMBER IDENTIFIER

  • control field: AUA.1

005 - DATE AND TIME OF LATEST TRANSACTION

  • control field: 20111220101307.0

008 - FIXED-LENGTH DATA ELEMENTS

  • fixed length control field: 111220|||a|||||| | ||| d

040 ## - CATALOGING SOURCE

  • Original cataloging agency: AUA.1
  • Transcribing agency: AUA.1

100 ## - HEADING--PERSONAL NAME

  • Personal name: Editors, Bruce M. Metzger, John D.W. Watts, James W. Watts, Ralph P. Martin, Lynn Allan Losie

670 ## - SOURCE DATA FOUND

  • Source citation: Work cat.: (AUA.1): Garrett, Duane 18000, Word Biblical commentary: